[Event "Allauch op 6th"]
[Site "Allauch"]
[Date "2024.08.30"]
[Round "8"]
[White "Chaumet, Etienne"]
[Black "Massardo, Quentin"]
[Result "1-0"]
[WhiteElo "2077"]
[BlackElo "2050"]
[PlyCount "157"]
[EventDate "2024.08.26"]
[EventType "swiss"]
[EventRounds "9"]
[EventCountry "FRA"]
[SourceTitle "CBM 221 Extra"]
[Source "ChessBase"]
[SourceDate "2024.09.30"]
[SourceVersion "1"]
[SourceVersionDate "2024.09.30"]
[SourceQuality "1"]

1. e4 c5 2. Nf3 Nc6 3. d4 cxd4 4. Nxd4 e5 5. Nb5 d6 6. c4 g6 7. Be3 Be6 8. Bd3 a6 9. N5c3 Bg7 10. 0-0 Nge7 11. Nd5 Nd4 12. Nbc3 0-0 13. Qd2 Rb8 14. Rad1 b5 15. Nxe7+ Qxe7 16. cxb5 axb5 17. Bxd4 exd4 18. Nxb5 Bxa2 19. Ra1 Be6 20. Ra7 Qd8 21. Rc1 Qb6 22. Rac7 Ra8 23. R7c6 Qa5 24. Qxa5 Rxa5 25. Rxd6 Rb8 26. Nxd4 Be5 27. Nc6 Bxd6 28. Nxa5 Bf4 29. Rc2 Ba2 30. g3 Bh6 31. Re2 Be6 32. Bc4 Bg4 33. Rc2 Bd1 34. Rc3 Rxb2 35. Rd3 Ba4 36. Rf3 Be8 37. Bd5 Kg7 38. Nc4 Rb1+ 39. Kg2 f6 40. Ra3 Bc1 41. Ra8 Bb5 42. Rb8 f5 43. Rb7+ Kh6 44. h4 fxe4 45. Bc6 e3 46. Bf3 Rb3 47. Ne5 Bf1+ 48. Kxf1 Rxb7 49. Bxb7 exf2 50. Bf3 Kg7 51. Nd3 Be3 52. Nxf2 Bb6 53. Ne4 Ba5 54. Ke2 Bb4 55. Ke3 Be1 56. Kf4 Ba5 57. Ke5 Bb4 58. Ke6 Ba5 59. Be2 Bb4 60. Bd3 Ba5 61. Ng5 Be1 62. Ne4 Ba5 63. g4 Be1 64. h5 gxh5 65. gxh5 Bh4 66. Nd6 Bg5 67. Kf5 Be7 68. Ne8+ Kf7 69. Nc7 h6 70. Ne6 Ba3 71. Bc4 Bc1 72. Nd4+ Kg7 73. Ke6 Bg5 74. Bd5 Bc1 75. Nf5+ Kh7 76. Kf7 Bg5 77. Kf8 Bc1 78. Bg8+ Kh8 79. Nh4 1-0

[Event "Balagna rapid op 14th"]
[Site "Balagna"]
[Date "2017.05.06"]
[Round "2"]
[White "Fressinet, Laurent"]
[Black "Massardo, Quentin"]
[Result "1-0"]
[WhiteElo "2668"]
[BlackElo "1854"]
[PlyCount "77"]
[EventDate "2017.05.06"]
[EventType "swiss (rapid)"]
[EventRounds "9"]
[EventCountry "FRA"]
[SourceTitle "CBM 178 Extra"]
[Source "ChessBase"]
[SourceDate "2017.06.22"]
[SourceVersion "1"]
[SourceVersionDate "2017.06.22"]
[SourceQuality "1"]

1. Nf3 Nf6 2. g3 d5 3. Bg2 g6 4. c4 dxc4 5. Qa4+ c6 6. Qxc4 Bg7 7. 0-0 0-0 8. d3 Nbd7 9. Nc3 Nb6 10. Qh4 Nbd5 11. Bh6 Qb6 12. Rab1 Nxc3 13. bxc3 Qa5 14. Bxg7 Kxg7 15. Qc4 Be6 16. Qb4 Qxa2 17. Rb2 a5 18. Qxb7 Rfb8 19. Rxa2 Rxb7 20. Ra3 Rb3 21. Rxb3 Bxb3 22. Nd4 Bd5 23. e4 e5 24. exd5 exd4 25. dxc6 dxc3 26. Rc1 Ne8 27. Bd5 Nc7 28. Bc4 Kf6 29. Rxc3 Ke5 30. Bxf7 Kd4 31. Rb3 a4 32. Rb7 Nd5 33. Rd7 Kc5 34. Bxd5 a3 35. c7 Rc8 36. Bc4 Kc6 37. Rxh7 Rxc7 38. Rxc7+ Kxc7 39. h4 1-0

[Event "FRA-ch U16"]
[Site "Montbeliard"]
[Date "2014.04.21"]
[Round "2"]
[White "Massardo, Quentin"]
[Black "Rodriguez, Adrien"]
[Result "0-1"]
[WhiteElo "1827"]
[BlackElo "2180"]
[PlyCount "28"]
[EventDate "2014.04.20"]
[EventType "swiss"]
[EventRounds "9"]
[EventCountry "FRA"]
[SourceTitle "CBM 160 Extra"]
[Source "ChessBase"]
[SourceDate "2014.07.01"]
[SourceVersion "1"]
[SourceVersionDate "2014.07.01"]
[SourceQuality "1"]

1. d4 Nf6 2. c4 e6 3. Nc3 d5 4. Nf3 c5 5. dxc5 Bxc5 6. cxd5 exd5 7. Qb3 Nc6 8. a3 0-0 9. Bg5 d4 10. Rd1 Qa5 11. Bxf6 gxf6 12. Qc4 dxc3 13. bxc3 Be6 14. Qd3 Rad8 0-1

[Event "Marseille op 2nd "]
[Site "Marseille"]
[Date "2009.12.26"]
[Round "1"]
[White "Massardo, Quentin"]
[Black "Vallette, Patrick"]
[Result "0-1"]
[WhiteElo "1330"]
[BlackElo "1862"]
[PlyCount "140"]
[EventDate "2009.12.26"]
[EventType "swiss"]
[EventRounds "9"]
[EventCountry "FRA"]
[SourceTitle "CBM 134 Extra"]
[Source "ChessBase"]
[SourceDate "2010.03.03"]
[SourceVersion "1"]
[SourceVersionDate "2010.03.03"]
[SourceQuality "1"]

1. g3 d5 2. Bg2 e5 3. c4 c6 4. cxd5 cxd5 5. Nc3 Nf6 6. Nf3 Nc6 7. d3 Bb4 8. Bd2 0-0 9. 0-0 a6 10. Bg5 Be6 11. Nd2 Bxc3 12. bxc3 h6 13. Bxf6 Qxf6 14. c4 dxc4 15. Nxc4 Bxc4 16. dxc4 Rfd8 17. Qb3 Rab8 18. Qf3 Qxf3 19. Bxf3 Nd4 20. Kg2 Nxf3 21. Kxf3 Rd4 22. Rfc1 Rc8 23. Rab1 Rc7 24. e3 e4+ 25. Kg2 Rd2 26. a4 Ra2 27. c5 Rxa4 28. Rb6 Ra5 29. c6 bxc6 30. Rbxc6 Rxc6 31. Rxc6 Kf8 32. Rc4 f5 33. Rc8+ Kf7 34. Rc7+ Kf6 35. Rc6+ Kg5 36. h4+ Kh5 37. Rc7 g5 38. hxg5 hxg5 39. Rc8 Kg6 40. Rg8+ Kf6 41. Rf8+ Ke6 42. Re8+ Kd5 43. Rg8 g4 44. Rd8+ Kc4 45. Rd4+ Kb3 46. Rd1 Rb5 47. Ra1 a5 48. Rb1+ Kc4 49. Rc1+ Kd3 50. Ra1 Kc2 51. Ra4 Kb3 52. Ra1 a4 53. Rb1+ Kc4 54. Rc1+ Kd3 55. Ra1 Ra5 56. Ra3+ Kc2 57. Ra1 a3 58. Ra2+ Kb3 59. Ra1 a2 60. f3 Kb2 61. Rf1 a1Q 62. Rxa1 Rxa1 63. fxe4 fxe4 64. Kf2 Kc3 65. Ke2 Ra2+ 66. Ke1 Kd3 67. Kf1 Kxe3 68. Kg1 Kf3 69. Kh1 Kxg3 70. Kg1 Ra1# 0-1